000
00295nam a22001217a 4500
008
170712b xxu||||| |||| 00| 0 eng d
041
_a
eng
080
_a
038
100
_a
23
101
_a
FJA
245
_a
THE AMERICAN HERITAGE DICTIONARY OF THE ENGLISH LANGUAGE
_c
MORRIS, W
942
_2
udc
_c
BK
999
_c
20372
_d
20372